Southville International School and Colleges
Your cart is empty.
  • Cart
  • Lists
    Public lists Eva Luna New books Lux_list list_1
    Your lists Log in to create your own lists
  • Log in to your account
  • Your cookies
  • Search history
Southville International School and Colleges
  • Advanced search
  • Recent comments
  • Most popular
  • Libraries

Log in to your account

Log in with GOOGLE


If you do not have an external account, but do have a local account, you can still log in:

  1. Home
  2. MARC view: Clifford and the grouchy neighbors /
Normal view MARC view ISBD view

Clifford and the grouchy neighbors / (Record no. 102429)

[ view plain ]
MARC details
000 -LEADER
fixed length control field 00540nam a2200181 a 4500
005 - DATE AND TIME OF LATEST TRANSACTION
control field 20140412111236.0
008 - FIXED-LENGTH DATA ELEMENTS--GENERAL INFORMATION
fixed length control field 010530s19uu xx 00 eng d
020 ## - INTERNATIONAL STANDARD BOOK NUMBER
International Standard Book Number 0-590-44261-9
050 ## - LIBRARY OF CONGRESS CALL NUMBER
Classification number ER
Item number Cl61Gr 1985
100 ## - MAIN ENTRY--PERSONAL NAME
Personal name Bridwell, Norman
245 ## - TITLE STATEMENT
Title Clifford and the grouchy neighbors /
Statement of responsibility, etc story and pictures by Norman Bridwell.
260 ## - PUBLICATION, DISTRIBUTION, ETC. (IMPRINT)
Place of publication, distribution, etc New York :
Name of publisher, distributor, etc Scholastic Inc,
Date of publication, distribution, etc 1985.
300 ## - PHYSICAL DESCRIPTION
Extent 1v. (unp.) ; ill.
440 ## - SERIES STATEMENT/ADDED ENTRY--TITLE
Title Clifford: The Big Red Dog
650 ## - SUBJECT ADDED ENTRY--TOPICAL TERM
Topical term or geographic name as entry element Dogs-Stories
650 ## - SUBJECT ADDED ENTRY--TOPICAL TERM
Topical term or geographic name as entry element Children's stories
Holdings
Withdrawn status Lost status Damaged status Use restrictions Home library Current library Shelving location Date acquired Source of acquisition Total Checkouts Full call number Barcode Date last seen Price effective from Koha item type
        Elizalde Library Elizalde Library Easy Reading Section 05/30/2001     ER Cl61Gr 1985 E1709 04/12/2014 04/12/2014 Books

Clifford and the grouchy neighbors /

APA

Bridwell N., . (1985). Clifford and the grouchy neighbors. New York: Scholastic Inc.

Chicago

Bridwell Norman, . 1985. Clifford and the grouchy neighbors. New York: Scholastic Inc.

Harvard

Bridwell N., . (1985). Clifford and the grouchy neighbors. New York: Scholastic Inc.

MLA

Bridwell Norman, . Clifford and the grouchy neighbors. New York: Scholastic Inc. 1985.

  • Place hold
  • Print
  • Cite
  • Add to your cart (remove)
  • Save record
    BIBTEX Dublin Core MARCXML MARC (non-Unicode/MARC-8) MARC (Unicode/UTF-8) MARC (Unicode/UTF-8, Standard) MODS (XML) RIS
  • More searches
    Search for this title in:
    Other Libraries (WorldCat) Other Databases (Google Scholar) Online Stores (Bookfinder.com) Open Library (openlibrary.org)

Exporting to Dublin Core...

SOUTHVILLE LIBRARY

Southville International School and Colleges Library

1281 Tropical Ave. Cor. Luxembourg St., BF Homes International, Las Pinas City

Tel. No. 8256374 / 252358 Loc. 117/146

Powered by Koha